ბათუმის შოთა რუსთაველის სახელმწიფო უნივერსიტეტის ბიბლიოთეკა

Love and Mary Ann (ბიბ.ჩანაწერი № 45489)

000 -LEADER
fixed length control field 00415nam a2200193Ia 4500
001 - CONTROL NUMBER
control field 12314
003 - CONTROL NUMBER IDENTIFIER
control field GE_BSU
008 - FIXED-LENGTH DATA ELEMENTS--GENERAL INFORMATION
fixed length control field 181216s||||||||xx |||||||||||||| ||und||
040 ## - CATALOGING SOURCE
Transcribing agency GE_BSU
080 ## - UNIVERSAL DECIMAL CLASSIFICATION NUMBER
Universal Decimal Classification number 821.111-31
100 ## - MAIN ENTRY--PERSONAL NAME
Personal name Cookson,Catherine
245 ## - TITLE STATEMENT
Title Love and Mary Ann
260 ## - PUBLICATION, DISTRIBUTION, ETC.
Place of publication, distribution, etc. London
260 ## - PUBLICATION, DISTRIBUTION, ETC.
Name of publisher, distributor, etc. Corgi books
260 ## - PUBLICATION, DISTRIBUTION, ETC.
Date of publication, distribution, etc. 1979
300 ## - PHYSICAL DESCRIPTION
Extent 189p.18cm.
653 ## - INDEX TERM--UNCONTROLLED
Uncontrolled term Love and Mary Ann
942 ## - ADDED ENTRY ELEMENTS (KOHA)
Koha item type წიგნი
ეგზემპლარები
Withdrawn status Lost status Damaged status Not for loan Date acquired Barcode Date last seen Price effective from Koha item type
        2018-12-17 35824 2018-12-17 2018-12-17 წიგნი